000 00722nam a2200157 i 4500
001 190155
003 ES-MaACL
005 20230906223644.0
008 200903s1888 sp |||| | spa d
110 2 _aPartido Autonomista Puertorriqueño.
_9170249
245 1 0 _aExposición que dirigen al Excmo. Sr. Presidente del Consejo de Ministros por conducto del Excmo. Sr. Gobernador General de Puerto-Rico y del Ministro de Ultramar el Directorio y la Delegación del Partido Autonomista Puerto-Riqueño.
260 _a[S.l.] :
_b[s.n.],
_c1888 (
_eMadrid :
_fImp. de José Gil y Navarro)
300 _a49 p. ;
_c21 cm.
651 4 _aPuerto Rico-
_xHistoria-
_y1511-1898, Época colonial.
_9155352
852 _aES-MaACL
_jT-471-F-6
999 _c190155
_d190155